000
00304nam a2200121 a 4500
008
100920s1986|||| d
100
1
_a
Eguren, Gustavo
245
1
0
_a
Dobrodružstvá Gašpara Peréza z Nehryzova
260
_b
Pravda
_a
Bratislava
_c
1986
020
_c
32
044
_a
xo
_c
SK
041
_a
slo
999
_c
10513
_d
10513